Statystyki dla Państwa które posiadają bądź posiadały broń jądrową

Kliknij tutaj aby rozwiązać quiz!

Ogólne statystyki

  • Ten quiz został rozwiązany 673 razy
  • Średni wynik to 11 z 15

Statystyki odpowiedzi

HintOdpowiedź% Poprawnych
PosiadaRosja
99%
PosiadaUSA
97%
PosiadaChiny
92%
PosiadaFrancja
89%
PosiadaKorea Północna
84%
PosiadaWielka Brytania
83%
PosiadaIndie
78%
Kiedyś posiadałUkraina
70%
PosiadaPakistan
66%
PosiadaIzrael
65%
Kiedyś posiadałBiałoruś
54%
Kiedyś posiadałKazachstan
53%
Kiedyś posiadałRepublika Południowej Afryki
52%
Nie istniejeZSRR
50%
Pracował nadPolska Rzeczpospolita Ludowa
34%

Rozkład punktacji

Percentyl według liczby udzielonych odpowiedzi

Procent ludzi z każdym wynikiem

Twoja historia wyników

Nie rozwiązałeś tego quizu